|
|
|
|
| LEADER |
02817nam a2200481 4500 |
| 001 |
978-3-030-02062-0 |
| 003 |
DE-He213 |
| 005 |
20191025201044.0 |
| 007 |
cr nn 008mamaa |
| 008 |
181111s2018 gw | s |||| 0|eng d |
| 020 |
|
|
|a 9783030020620
|9 978-3-030-02062-0
|
| 024 |
7 |
|
|a 10.1007/978-3-030-02062-0
|2 doi
|
| 040 |
|
|
|d GrThAP
|
| 050 |
|
4 |
|a HM742-743
|
| 072 |
|
7 |
|a JFD
|2 bicssc
|
| 072 |
|
7 |
|a SOC052000
|2 bisacsh
|
| 072 |
|
7 |
|a JBCT
|2 thema
|
| 082 |
0 |
4 |
|a 302.30285
|2 23
|
| 100 |
1 |
|
|a Miguel, Cristina.
|e author.
|4 aut
|4 http://id.loc.gov/vocabulary/relators/aut
|
| 245 |
1 |
0 |
|a Personal Relationships and Intimacy in the Age of Social Media
|h [electronic resource] /
|c by Cristina Miguel.
|
| 250 |
|
|
|a 1st ed. 2018.
|
| 264 |
|
1 |
|a Cham :
|b Springer International Publishing :
|b Imprint: Palgrave Pivot,
|c 2018.
|
| 300 |
|
|
|a XI, 133 p.
|b online resource.
|
| 336 |
|
|
|a text
|b txt
|2 rdacontent
|
| 337 |
|
|
|a computer
|b c
|2 rdamedia
|
| 338 |
|
|
|a online resource
|b cr
|2 rdacarrier
|
| 347 |
|
|
|a text file
|b PDF
|2 rda
|
| 505 |
0 |
|
|a Chapter 1 Introduction -- Chapter 2 Intimacy Frameworks in the Context of Social Media.-Chapter 3 Intimacies of Digital Identity -- Chapter 4 Social Media Platforms as Intimacy Mediators -- Chapter 5 The Political Economy of Networked Intimacy -- Chapter 6 Meeting people online -- Chapter 7 Conclusion: Networked Intimacy.
|
| 520 |
|
|
|a This book examines how intimate relationships are built, negotiated and maintained through social media. The study takes a cross-platform approach, analysing three social media platforms of different genres - Badoo, Couchsurfing and Facebook - and exploring two interactive forces that shape the way people communicate through social media: the platforms' architecture and policies, and actual practises of use. Combining analysis of the political economy of social media with users' perspectives of their own practises - as well as exploring the tensions between the two - the book provides a detailed picture of intimacy as a complex structure of continuity and change.
|
| 650 |
|
0 |
|a Social media.
|
| 650 |
|
0 |
|a Culture.
|
| 650 |
|
0 |
|a Technology.
|
| 650 |
|
0 |
|a Communication.
|
| 650 |
1 |
4 |
|a Social Media.
|0 http://scigraph.springernature.com/things/product-market-codes/412020
|
| 650 |
2 |
4 |
|a Culture and Technology.
|0 http://scigraph.springernature.com/things/product-market-codes/411180
|
| 650 |
2 |
4 |
|a Media and Communication.
|0 http://scigraph.springernature.com/things/product-market-codes/412010
|
| 710 |
2 |
|
|a SpringerLink (Online service)
|
| 773 |
0 |
|
|t Springer eBooks
|
| 776 |
0 |
8 |
|i Printed edition:
|z 9783030020613
|
| 776 |
0 |
8 |
|i Printed edition:
|z 9783030020637
|
| 856 |
4 |
0 |
|u https://doi.org/10.1007/978-3-030-02062-0
|z Full Text via HEAL-Link
|
| 912 |
|
|
|a ZDB-2-LCM
|
| 950 |
|
|
|a Literature, Cultural and Media Studies (Springer-41173)
|